000 00733nas a2200241 4500
001 BR8301382
003 BR-BrBNA
005 20231205085500.0
007 ta
008 230509b bl.|||p| |||| 00| 00por d
040 _aBR-BrBNA
_bpor
_cBiblioteca Nacional de Agricultura
041 _a(Pt)
072 _aP05
100 1 _aBizzo, D.
245 1 _aO gaseificador pirolitico no planejamento energetico
246 1 _a[The pyrolytic gasifier in the energetic planning]
650 _aGASEIFICACAO
650 _aGASOGENIO
650 _aCOMBUSTIVEL
773 0 _tEnergia Fontes Alternativas (Brazil)
_xISSN 0100-6371
_g(Mar 1982), v. 4(19) p. 49-55
_wBR8301382
909 _a202311
_bLúcia
_c55
_dLúcia Elande
942 _2AGRIS
_n0
_cANA
999 _c111722
_d111722